<?xml version='1.0' encoding='UTF-8'?>
  <record xmlns="http://www.loc.gov/MARC21/slim">
    <leader>00000cam a2200000 i 4500</leader>
    <controlfield tag="001">ocn898974926</controlfield>
    <controlfield tag="003">OCoLC</controlfield>
    <controlfield tag="005">20260202204726.9</controlfield>
    <controlfield tag="008">900418s1760    ne            000 0 dut d</controlfield>
    <datafield tag="040" ind1=" " ind2=" ">
      <subfield code="a">NLGGC</subfield>
      <subfield code="b">dut</subfield>
      <subfield code="e">fobidrtb</subfield>
      <subfield code="c">NLGGC</subfield>
      <subfield code="d">OCLCO</subfield>
      <subfield code="d">OCLCQ</subfield>
    </datafield>
    <datafield tag="029" ind1="0" ind2=" ">
      <subfield code="a">NLGGC</subfield>
      <subfield code="b">084161639</subfield>
    </datafield>
    <datafield tag="035" ind1=" " ind2=" ">
      <subfield code="a">(OCoLC)898974926</subfield>
    </datafield>
    <datafield tag="041" ind1="1" ind2=" ">
      <subfield code="a">dut</subfield>
      <subfield code="h">ger</subfield>
    </datafield>
    <datafield tag="050" ind1=" " ind2="4">
      <subfield code="a">MT224</subfield>
      <subfield code="b">.M35 1760a</subfield>
    </datafield>
    <datafield tag="084" ind1=" " ind2=" ">
      <subfield code="a">24.81</subfield>
      <subfield code="2">bcl</subfield>
    </datafield>
    <datafield tag="100" ind1="1" ind2=" ">
      <subfield code="a">Marpurg, Friedrich Wilhelm,</subfield>
      <subfield code="d">1718-1795.</subfield>
      <subfield code="1">https://id.oclc.org/worldcat/entity/E39PBJcKQPxWQXVqTPrMwTXrv3</subfield>
    </datafield>
    <datafield tag="245" ind1="1" ind2="0">
      <subfield code="a">Aanleiding tot het clavier-speelen, volgens de hedendaagsche luisterryker manier van uitvoering; /</subfield>
      <subfield code="c">Opgestelt door ... Friedrich Wilhelm Marburg  ... ; uit het Hoogduitsche vertaalt en met ophelderende byvoegselen voorzien door Jacob Wilhelm Lustig.</subfield>
    </datafield>
    <datafield tag="260" ind1=" " ind2=" ">
      <subfield code="a">Te Amsteldam :</subfield>
      <subfield code="b">by J.J. Hummel,</subfield>
      <subfield code="c">1760.</subfield>
    </datafield>
    <datafield tag="300" ind1=" " ind2=" ">
      <subfield code="a">[6], 48, [2] p., 7 bl. muz. ;</subfield>
      <subfield code="c">in-4.</subfield>
    </datafield>
    <datafield tag="336" ind1=" " ind2=" ">
      <subfield code="a">tekst</subfield>
      <subfield code="b">txt</subfield>
      <subfield code="2">rdacontent/dut</subfield>
    </datafield>
    <datafield tag="337" ind1=" " ind2=" ">
      <subfield code="a">zonder medium</subfield>
      <subfield code="b">n</subfield>
      <subfield code="2">rdamedia/dut</subfield>
    </datafield>
    <datafield tag="338" ind1=" " ind2=" ">
      <subfield code="a">band</subfield>
      <subfield code="b">nc</subfield>
      <subfield code="2">rdacarrier/dut</subfield>
    </datafield>
    <datafield tag="504" ind1=" " ind2=" ">
      <subfield code="a">Met reg.</subfield>
    </datafield>
    <datafield tag="510" ind1="4" ind2=" ">
      <subfield code="a">RISM B VI1,</subfield>
      <subfield code="c">p. 545</subfield>
    </datafield>
    <datafield tag="650" ind1=" " ind2="0">
      <subfield code="a">Harpsichord</subfield>
      <subfield code="v">Instruction and study.</subfield>
    </datafield>
    <datafield tag="650" ind1="1" ind2="7">
      <subfield code="a">Toetsinstrumenten (muziek)</subfield>
      <subfield code="2">gtt</subfield>
      <subfield code="0">(NL-LeOCL)113084811</subfield>
    </datafield>
    <datafield tag="650" ind1="1" ind2="7">
      <subfield code="a">Speltechniek (muziek)</subfield>
      <subfield code="2">gtt</subfield>
      <subfield code="0">(NL-LeOCL)158661222</subfield>
    </datafield>
    <datafield tag="650" ind1=" " ind2="7">
      <subfield code="a">Toetsinstrumenten.</subfield>
      <subfield code="2">nbdbt</subfield>
      <subfield code="0">(NL-LeOCL)078077710</subfield>
    </datafield>
    <datafield tag="655" ind1=" " ind2="7">
      <subfield code="a">Leermiddelen (vorm)</subfield>
      <subfield code="2">gtt</subfield>
      <subfield code="0">(NL-LeOCL)088143767</subfield>
    </datafield>
    <datafield tag="700" ind1="1" ind2=" ">
      <subfield code="a">Lustig, Jacob Wilhelm</subfield>
      <subfield code="q">(Jacques Guillaume),</subfield>
      <subfield code="d">1706-1796.</subfield>
    </datafield>
    <datafield tag="710" ind1="2" ind2=" ">
      <subfield code="a">Hummel, Johann Julius (Amsterdam)</subfield>
      <subfield code="4">prt</subfield>
      <subfield code="0">(NL-LeOCL)077156471</subfield>
    </datafield>
    <datafield tag="776" ind1="0" ind2=" ">
      <subfield code="a">Marpurg, Friedrich Wilhelm</subfield>
      <subfield code="t">Aanleiding tot het clavier-speelen, volgens de hedendaagsche luisterryker manier van uitvoering;</subfield>
      <subfield code="w">(NL-LeOCL)426038215</subfield>
      <subfield code="w">(OCoLC)1144706097</subfield>
    </datafield>
    <datafield tag="776" ind1="0" ind2=" ">
      <subfield code="a">Marpurg, Friedrich Wilhelm</subfield>
      <subfield code="t">Aanleiding tot het clavier-speelen, volgens de hedendaagsche luisterryker manier van uitvoering;</subfield>
      <subfield code="w">(NL-LeOCL)426038223</subfield>
      <subfield code="w">(OCoLC)1144706097</subfield>
    </datafield>
    <datafield tag="776" ind1="0" ind2=" ">
      <subfield code="a">Marpurg, Friedrich Wilhelm</subfield>
      <subfield code="t">Aanleiding tot het clavier-speelen, volgens de hedendaagsche luisterryker manier van uitvoering;</subfield>
      <subfield code="w">(NL-LeOCL)426038231</subfield>
      <subfield code="w">(OCoLC)1144706097</subfield>
    </datafield>
    <datafield tag="776" ind1="0" ind2=" ">
      <subfield code="a">Marpurg, Friedrich Wilhelm</subfield>
      <subfield code="t">Aanleiding tot het clavier-speelen, volgens de hedendaagsche luisterryker manier van uitvoering;</subfield>
      <subfield code="w">(NL-LeOCL)42603824X</subfield>
      <subfield code="w">(OCoLC)1144706097</subfield>
    </datafield>
    <datafield tag="936" ind1=" " ind2=" ">
      <subfield code="a">BATCHLOAD</subfield>
    </datafield>
  </record>